[Event "Mulhouse FIDE"]
[Site "Mulhouse"]
[Date "2002.07.16"]
[Round "11"]
[White "L'Hostis, Severin"]
[Black "Baeumlin, Francois"]
[Result "1/2-1/2"]
[WhiteElo "2044"]
[BlackElo "1960"]
[PlyCount "24"]
[EventDate "2002.??.??"]
[EventType "tourn"]
[EventRounds "11"]
[EventCountry "FRA"]
[SourceTitle "EXT 2003"]
[Source "ChessBase"]
[SourceDate "2002.11.25"]
[SourceVersion "1"]
[SourceVersionDate "2002.11.25"]
[SourceQuality "1"]

1. e4 c5 2. Nf3 Nc6 3. Bb5 e5 4. Bxc6 dxc6 5. d3 Be7 6. 0-0 Nf6 7. Nc3 Bg4 8. h3 Bxf3 9. Qxf3 0-0 10. Bg5 h6 11. Bxf6 Bxf6 12. a4 Qd4 1/2-1/2